000 00620nam a2200241Ia 4500
003 OSt
005 20220924121855.0
006 a|||||r|||| 00| 0
007 ta
008 220923b |||||||| |||| 00| 0 ben d
024 _a292389
037 _cTextual
040 _aARTS
_cARTS
_bben
041 _2ben
_aben
082 _aO157,1xN, N4
100 _aSaha A.
_9187575
245 0 _aJanani janmabhumi
_bA collection of bengali poems
260 _aKolkata
_c1994
300 _a80 p.
_ccm.
650 _aBENGALI LITERATURE
942 _hO157,1xN, N4
_cTEXL
_2CC
999 _c409374
_d409374